000 00541nam a22001937a 4500
003 KOHA_MİRAKIL
005 20250411173549.0
008 250411b tu ||||| |||| 00| 0 tur d
020 _a9786059444927
040 _aTR-AnABB
_btur
_cTR-AnABB
041 _atur
082 _a813.42
_bYIL 2019
100 1 _aYılmaz, Recep,
245 1 0 _aİçimin o yalın ezgisi /
_cRecep Yılmaz
260 _aİstanbul :
_bPost Yayın Dağıtım,
_c2019
300 _a198 sayfa ;
_c21 cm
650 0 4 _aTürk edebiyatı, roman
942 _2ddc
_cBK
999 _c8663
_d8663
900 _bGizem YORULMAZ